Villages of Guam on a Map - Statistics

General Stats
  • This quiz has been taken 280 times
    274 since last reset
  • The average score is 13 of 19
Answers on the Map
Answers color-coded by a green-red scale on the quiz's map according to % correct below.
 
Answer Stats
Village % Correct
Dededo
86%
Hagåtña
85%
Yigo
83%
Hågat
80%
{Agana} Heights
76%
Barrigada
76%
Tamuning
76%
Mangilao
73%
Yona
72%
Inalåhan
70%
Piti
70%
Malesso
65%
Talo'fo'fo
63%
Mongmong-Toto-Maite
62%
Asan-Maina
61%
Sånta Rita-Sumai
59%
Humåtak
57%
Chalan Pago-Ordot
56%
Sinajana
53%
No matching quizzes found
Score Distribution
Percent of People with Each Score
Percentile by Number Answered
Your Score History
You have not taken this quiz since the last reset